00386nam a2200157Ia 4500003000400000005001700004008004100021040000700062082001900069100001800088245002400106260004100130365000800171650003400179650001500213OSt20230609150207.0210423s2002 xx 000 0 und d cAL a153.8 SHEP223 aSHELTON (Ken) aPersonal excellence aMumbaibJaico Publishing Housec2002 cINR aMental Process & Intelligence aPsychology